000 00935nam a2200265Ia 4500
003 OSt
005 20220923211438.0
006 a|||||r|||| 00| 0
007 ta
008 220922b |||||||| |||| 00| 0 hin d
020 _a9789350007310 (hbk)
_c800
024 _a282,828
037 _b318, 10/01/2015, Vani Prakashan
_cTextual
040 _aARTS
_cARTS
_bhin
041 _2hin
_ahin
082 _aO152,3N55x, Q1
100 _aशर्मा, क्षमा
_9156290
245 0 _aलड़की जो देखती पलटकर
246 _aLaड़kī jo dekhatī palaṭakara
260 _aनयी दिल्ली
_b वाणी प्रकाशन
_c2014
300 _a200पृ.
_ccm.
650 _aहिन्दी साहित्य
_9156264
942 _hO152,3N55x, Q1
_cTEXL
_2CC
999 _c299625
_d299625